Když chalupaří slavní /

B. Basiková, J. Cimický, P. Černocká, M. Markovič, J. Sovák,...).

Main Author: Šloufová, Alena, 1948-
Other Authors: Renčín, Vladimír, 1941-2017, Volný, Zdeněk, 1946-, Adámek, Petr
Language: Czech
Published: Praha : Baronet, 1996
Edition: Vyd. 1.
Online Access: Digitalizovaný dokument
Physical Description: 183 s. : il. ; 30 cm
Book
Saved in:
LEADER 01808nam a2200409 a 4500
001 000101593
003 CZ BrMZK
005 20220211120218.0
007 ta
008 960815s1996 xr e 0dcze d
015 |a cnb000206773 
020 |a 80-85890-88-7 
035 |a (OCoLC)84931105 
040 |a BOA001  |b cze 
072 7 |a 64  |x Domácí hospodářství  |2 Konspekt  |9 19 
080 |a 7.071  |2 MRF 
080 |a 640.7  |2 MRF 
080 |a (437.3)  |2 MRF 
080 |a (047.53)  |2 MRF 
100 1 |a Šloufová, Alena,  |d 1948-  |7 jn20010309128  |4 aut 
245 1 0 |a Když chalupaří slavní /  |c [text Alena Šloufová a kol. ; předmluva Zdeněk Volný, snímky Petr Adámek ... [et al.]kresby Vladimír Renčín] 
250 |a Vyd. 1. 
260 |a Praha :  |b Baronet,  |c 1996 
300 |a 183 s. :  |b il. ;  |c 30 cm 
520 |a B. Basiková, J. Cimický, P. Černocká, M. Markovič, J. Sovák,...). 
520 |a Barevná publikace obsahuje unikátní fotografie, které zachycují tři desítky našich nejznámějších osobností, jak v soukromí odpočívají na svých chalupách a chatách ( 
650 0 7 |a umělci  |7 ph116527  |z Česko  |2 czenas 
650 0 7 |a chalupaření  |7 ph119122  |z Česko  |2 czenas 
655 7 |a rozhovory  |7 fd133303  |2 czenas 
700 1 |a Renčín, Vladimír,  |d 1941-2017  |7 jk01102345  |4 ill 
700 1 |a Volný, Zdeněk,  |d 1946-  |7 jk01150551  |4 wfw 
700 1 |a Adámek, Petr  |7 jx20031130012  |4 pht 
856 4 1 |u http://www.digitalniknihovna.cz/mzk/uuid/uuid:3bbd8a10-f86c-11e2-9923-005056827e52  |y Digitalizovaný dokument  |x NDK 
910 |a BOA001  |b 4-1026.156 
990 |a BK 
996 6 |b 2610043682  |c 4-1026.156  |l MZK  |r Sklad / do 1 hodiny  |n 6  |p kup  |w 000101593  |u 000010  |a 1  |e BOA001  |j MZK50  |s P 
996 6 |b 2610046943  |c 4-1026.156  |l MZK  |r Sklad / do 1 hodiny  |n 4  |p p.v.  |w 000101593  |u 000020  |a 1  |e BOA001  |j MZK50  |s P